[Event "Bulgaria tch 2005"]
[Site "Sunny Beach BUL"]
[Date "2005.09.26"]
[Round "1.7"]
[White "Angelov, Zvetomir"]
[Black "Yordanov, Nikolay"]
[Result "0-1"]
[WhiteElo "2098"]
[BlackElo "2146"]
[PlyCount "142"]
[EventDate "2005.09.26"]
[EventType "team"]
[EventRounds "7"]
[EventCountry "BUL"]
[Source "lmi"]
[SourceDate "2005.10.02"]

1. Nf3 c5 2. g3 d5 3. Bg2 Nf6 4. O-O Nc6 5. d3 e5 6. Nbd2 Be7 7. c4 O-O 8. cxd5
Nxd5 9. Nc4 f6 10. Bd2 Kh8 11. Rc1 Be6 12. Nh4 Rc8 13. a3 Qd7 14. Re1 b6 15.
Qa4 Rfd8 16. Ne3 Nxe3 17. Bxe3 Bd5 18. Bxd5 Qxd5 19. Qc4 Qxc4 20. Rxc4 g6 21.
Nf3 Kg7 22. Rec1 a5 23. Bd2 Rb8 24. a4 Rd7 25. Ne1 Nd4 26. Kf1 Nb3 27. R1c2 b5
28. axb5 Nxd2+ 29. Rxd2 Rxb5 30. e3 Rdb7 31. Rcc2 a4 32. d4 cxd4 33. exd4 Bb4
34. Rd3 Bxe1 35. Kxe1 Rxb2 36. Rxb2 Rxb2 37. dxe5 fxe5 38. Rd7+ Kf6 39. Ra7 Rb4
40. Kf1 h5 41. h4 Kf5 42. Ra6 g5 43. hxg5 Kxg5 44. Ra5 Kf5 45. Kg2 h4 46. Ra8
hxg3 47. Kxg3 Rb3+ 48. Kg2 a3 49. Ra4 Ke6 50. Ra5 Kd6 51. Kf1 Ke6 52. Kg2 Kf5
53. Ra4 e4 54. Ra5+ Kf4 55. Ra4 Ke5 56. Kf1 Kd5 57. Ke2 Rb2+ 58. Ke3 Rb3+ 59.
Ke2 Ke5 60. Ra8 Kd4 61. Ra7 Kd5 62. Kd2 Rb2+ 63. Ke3 a2 64. f3 exf3 65. Kxf3
Kc5 66. Ke3 Kb5 67. Ra8 Kc4 68. Rc8+ Kb3 69. Kd3 a1=Q 70. Rb8+ Ka2 71. Ra8+ Kb1
0-1

[Event "Bulgaria tch 2005"]
[Site "Sunny Beach BUL"]
[Date "2005.09.27"]
[Round "2.1"]
[White "Dimitrov, Atanas"]
[Black "Savchenko, Stanislav"]
[Result "0-1"]
[WhiteElo "2298"]
[BlackElo "2506"]
[PlyCount "80"]
[EventDate "2005.09.26"]
[EventType "team"]
[EventRounds "7"]
[EventCountry "BUL"]
[Source "lmi"]
[SourceDate "2005.10.02"]

1. d4 d5 2. Nf3 Nf6 3. c4 c6 4. Nc3 e6 5. cxd5 exd5 6. Bg5 h6 7. Bh4 Bf5 8. a3
Nbd7 9. e3 Bd6 10. Bd3 Bxd3 11. Qxd3 Qe7 12. Bg3 Bxg3 13. hxg3 Ne4 14. Nd2 f5
15. Ne2 g5 16. f3 Nxd2 17. Qxd2 O-O-O 18. Kf2 Rde8 19. a4 Qd6 20. Qd3 Rhf8 21.
Rae1 Rf6 22. Nc1 Kb8 23. Qd2 Rfe6 24. Nd3 c5 25. dxc5 Nxc5 26. Nxc5 Qxc5 27.
Qd4 Qxd4 28. exd4 Rxe1 29. Rxe1 Rxe1 30. Kxe1 b5 31. b3 Kb7 32. Kd2 Kb6 33. Kc3
Ka5 34. axb5 Kxb5 35. g4 f4 36. Kb2 Kb4 37. Kc2 a5 38. Kb2 a4 39. bxa4 Kxa4 40.
Kc3 Ka3 0-1

[Event "Bulgaria tch 2005"]
[Site "Sunny Beach BUL"]
[Date "2005.09.27"]
[Round "2.1"]
[White "Chatalbashev, Boris"]
[Black "Janachkov, Angel"]
[Result "1-0"]
[WhiteElo "2499"]
[BlackElo "2230"]
[PlyCount "79"]
[EventDate "2005.09.26"]
[EventType "team"]
[EventRounds "7"]
[EventCountry "BUL"]
[Source "lmi"]
[SourceDate "2005.10.02"]

1. d4 Nf6 2. c4 d6 3. Nc3 Nbd7 4. e4 e5 5. d5 Be7 6. Bd3 O-O 7. Nge2 Ne8 8. O-O
Bg5 9. b4 a5 10. a3 Bxc1 11. Qxc1 Qh4 12. Rb1 axb4 13. axb4 Ndf6 14. f3 Nh5 15.
g3 Qh3 16. Nd1 Qd7 17. g4 Nhf6 18. Ng3 g6 19. Nf2 Kh8 20. Qh6 Qe7 21. Ra1 Rb8
22. Qe3 Ng7 23. c5 Ng8 24. f4 exf4 25. Qxf4 dxc5 26. bxc5 Qxc5 27. g5 f5 28.
exf5 Bxf5 29. Bxf5 Nxf5 30. Qe5+ Ng7 31. Rac1 Qe7 32. Qxc7 Qxg5 33. d6 h5 34.
Kh1 h4 35. Nge4 Qe3 36. d7 Qf3+ 37. Kg1 Rf4 38. Qxb8 Nf5 39. Qxg8+ Kxg8 40.
d8=Q+ 1-0

[Event "Bulgaria tch 2005"]
[Site "Sunny Beach BUL"]
[Date "2005.09.27"]
[Round "2.1"]
[White "Avramov, Anton"]
[Black "Janev, Evgeni"]
[Result "0-1"]
[WhiteElo "2214"]
[BlackElo "2460"]
[PlyCount "88"]
[EventDate "2005.09.26"]
[EventType "team"]
[EventRounds "7"]
[EventCountry "BUL"]
[Source "lmi"]
[SourceDate "2005.10.02"]

1. d4 d6 2. e4 g6 3. g3 Bg7 4. Bg2 Nf6 5. Ne2 O-O 6. O-O c6 7. h3 Nbd7 8. Nbc3
e5 9. Be3 Qe7 10. Qd2 b5 11. a3 Bb7 12. Rad1 Nb6 13. b3 Rfe8 14. f3 Rad8 15.
Qc1 Qc7 16. Rfe1 a6 17. Bf2 c5 18. dxc5 dxc5 19. a4 Qc6 20. Rxd8 Rxd8 21. Rd1
Ra8 22. a5 Nbd7 23. Nd5 Nxd5 24. Rxd5 Qc7 25. Rd1 Nf8 26. c3 Ne6 27. Qa1 Bf8
28. Nc1 Be7 29. Nd3 Rd8 30. b4 cxb4 31. Bb6 Qxc3 32. Bxd8 Bxd8 33. Nxe5 Bf6 34.
Qxc3 bxc3 35. Nd3 Nd4 36. Kf1 c2 37. Rc1 Be7 38. Ra1 b4 39. Ke1 b3 40. Kd2 b2
41. Nxb2 Nb3+ 42. Kxc2 Nxa1+ 43. Kd3 Nb3 44. Nc4 Bb4 0-1

[Event "Bulgaria tch 2005"]
[Site "Sunny Beach BUL"]
[Date "2005.09.27"]
[Round "2.2"]
[White "Dimitrov, Vladimir"]
[Black "Nikolov, Momchil"]
[Result "1/2-1/2"]
[WhiteElo "2418"]
[BlackElo "2400"]
[PlyCount "28"]
[EventDate "2005.09.26"]
[EventType "team"]
[EventRounds "7"]
[EventCountry "BUL"]
[Source "lmi"]
[SourceDate "2005.10.02"]

1. c4 c5 2. g3 Nf6 3. Bg2 d5 4. cxd5 Nxd5 5. Nc3 Nc7 6. Qa4+ Bd7 7. Qb3 Nc6 8.
Qxb7 Nd4 9. Qe4 g6 10. Qb1 Rb8 11. e3 Nc6 12. Nge2 Bg7 13. O-O O-O 14. Rd1 Ne6
1/2-1/2

[Event "Bulgaria tch 2005"]
[Site "Sunny Beach BUL"]
[Date "2005.09.27"]
[Round "2.2"]
[White "Yordanov, Nikolay"]
[Black "Radulski, Julian"]
[Result "0-1"]
[WhiteElo "2146"]
[BlackElo "2502"]
[PlyCount "98"]
[EventDate "2005.09.26"]
[EventType "team"]
[EventRounds "7"]
[EventCountry "BUL"]
[Source "lmi"]
[SourceDate "2005.10.02"]

1. e4 e5 2. Nf3 Nc6 3. Bc4 Nf6 4. d3 Be7 5. O-O O-O 6. c3 d6 7. Bb3 Bg4 8. h3
Bh5 9. Nbd2 Nd7 10. Re1 Nc5 11. Bc2 a5 12. Nf1 Bg5 13. g4 Bxc1 14. Rxc1 Bg6 15.
d4 Nd7 16. dxe5 dxe5 17. Qd5 Nb6 18. Qb5 Qf6 19. Kg2 a4 20. Ng3 Ra5 21. Qf1 Nd8
22. h4 h6 23. g5 hxg5 24. hxg5 Qf4 25. b4 axb3 26. Bxb3 Ne6 27. Qh1 Qg4 28. Re3
Nf4+ 29. Kg1 Rd8 30. Qh4 Qxh4 31. Nxh4 c5 32. c4 Nh3+ 33. Kg2 Nxg5 34. Nxg6
fxg6 35. Ne2 Ne6 36. Rg1 Nc8 37. Kf1 Ne7 38. Nc3 g5 39. Nd5 Ng6 40. Re2 Ngf4
41. Rb2 Rf8 42. Bd1 Rf7 43. Bg4 Nd4 44. Bd1 Ra3 45. Rxg5 Rd3 46. Ba4 Nf3 47.
Rg3 Nd2+ 48. Ke1 Rxg3 49. Rxd2 Rg1# 0-1

[Event "Bulgaria tch 2005"]
[Site "Sunny Beach BUL"]
[Date "2005.09.27"]
[Round "2.2"]
[White "Ninov, Nikolai"]
[Black "Velchev, Hristo"]
[Result "1-0"]
[WhiteElo "2493"]
[BlackElo "2212"]
[PlyCount "131"]
[EventDate "2005.09.26"]
[EventType "team"]
[EventRounds "7"]
[EventCountry "BUL"]
[Source "lmi"]
[SourceDate "2005.10.02"]

1. e4 c5 2. Nf3 d6 3. d4 Nf6 4. Nc3 cxd4 5. Nxd4 a6 6. Be2 e5 7. Nb3 Be7 8. O-O
Be6 9. f4 Qc7 10. f5 Bc4 11. a4 O-O 12. Kh1 Nbd7 13. g4 d5 14. g5 Nxe4 15. Nxe4
Bxe2 16. Qxe2 dxe4 17. f6 Bd8 18. fxg7 Kxg7 19. Be3 Be7 20. Rf5 f6 21. gxf6+
Rxf6 22. Rg1+ Kh8 23. Rh5 Nf8 24. Qg4 Rg6 25. Qxe4 Rxg1+ 26. Kxg1 Bf6 27. Nc5
Qg7+ 28. Qg2 Qxg2+ 29. Kxg2 Ng6 30. Ne4 Be7 31. Kf3 Rc8 32. c3 Kg8 33. a5 Rc4
34. b3 Rc8 35. Ke2 Rf8 36. b4 Rf4 37. Ng3 Rh4 38. Rxh4 Nxh4 39. Ne4 Kf7 40. Bc5
Nf5 41. Bxe7 Kxe7 42. c4 h5 43. Kd3 Nd4 44. Nc5 Nc6 45. Kc3 Nd8 46. b5 axb5 47.
cxb5 Kd6 48. Kc4 Kc7 49. Ne4 Ne6 50. Kd5 Nd4 51. b6+ Kb8 52. Nc5 Nc6 53. Nd7+
Kc8 54. Nxe5 Nxa5 55. h4 Kd8 56. Nd3 Nc6 57. Nf4 Ne7+ 58. Ke6 Nc8 59. Nxh5 Nxb6
60. Nf6 Nc8 61. h5 Ne7 62. h6 Ng6 63. Kf7 Nh8+ 64. Kg7 b5 65. Kxh8 b4 66. Kg7
1-0

[Event "Bulgaria tch 2005"]
[Site "Sunny Beach BUL"]
[Date "2005.09.27"]
[Round "2.2"]
[White "Mladenov, Plamen"]
[Black "Kozhuharov, Spas"]
[Result "0-1"]
[WhiteElo "2205"]
[BlackElo "2391"]
[PlyCount "84"]
[EventDate "2005.09.26"]
[EventType "team"]
[EventRounds "7"]
[EventCountry "BUL"]
[Source "lmi"]
[SourceDate "2005.10.02"]

1. d4 d5 2. Bf4 Nf6 3. e3 c5 4. c3 Nc6 5. Nf3 Qb6 6. Qb3 c4 7. Qxb6 axb6 8. Be2
e6 9. O-O b5 10. Ne5 b4 11. cxb4 Bxb4 12. Rc1 Nxe5 13. Bxe5 Bd7 14. Nc3 b5 15.
Bf3 Ke7 16. g4 h6 17. h4 Bc6 18. Kf1 Ra6 19. g5 hxg5 20. hxg5 Nh7 21. g6 Ng5
22. Bg2 fxg6 23. Ne2 Nf7 24. Nf4 Nxe5 25. dxe5 Kf7 26. Bh3 Bb7 27. Bg4 Rh1+ 28.
Ke2 Rxc1 29. Rxc1 g5 30. Nxe6 Rxe6 31. Bxe6+ Kxe6 32. Rg1 Be7 33. a3 Kxe5 34.
f3 Bf6 35. Kd2 d4 36. exd4+ Kf4 37. Kc3 Bxf3 38. a4 bxa4 39. Kxc4 g4 40. d5
Bxb2 41. d6 g3 42. Rb1 Bf6 0-1

[Event "Bulgaria tch 2005"]
[Site "Sunny Beach BUL"]
[Date "2005.09.27"]
[Round "2.2"]
[White "Grigorov, Grigor"]
[Black "Tzekov, Svetozar"]
[Result "0-1"]
[WhiteElo "2400"]
[BlackElo "2147"]
[PlyCount "96"]
[EventDate "2005.09.26"]
[EventType "team"]
[EventRounds "7"]
[EventCountry "BUL"]
[Source "lmi"]
[SourceDate "2005.10.02"]

1. d4 d5 2. Nf3 Nf6 3. c4 c6 4. Nc3 a6 5. c5 Bg4 6. h3 Bxf3 7. exf3 e5 8. dxe5
Nfd7 9. f4 Nxc5 10. Be3 a5 11. Be2 Nbd7 12. O-O Be7 13. Rc1 O-O 14. f5 Nxe5 15.
Nxd5 cxd5 16. Bxc5 Nc6 17. Re1 Bxc5 18. Rxc5 Qf6 19. Qd2 Qxf5 20. Rxd5 Rad8 21.
Bc4 Rxd5 22. Qxd5 Qxd5 23. Bxd5 Rb8 24. Re3 Kf8 25. Rc3 Nb4 26. Bb3 Re8 27. Kf1
Re5 28. a3 Na6 29. Rc8+ Re8 30. Rc3 Re5 31. Rf3 f6 32. Bc2 h6 33. Rb3 b5 34. f4
Rd5 35. Ke2 Ke7 36. Re3+ Kd7 37. Be4 Rc5 38. Rd3+ Ke7 39. Ke3 Nc7 40. Rd2 Ne8
41. Bd3 Nd6 42. Kd4 Rc7 43. Re2+ Kd8 44. Kd5 Nc4 45. Bg6 Nb6+ 46. Kd6 Nc8+ 47.
Kd5 Ne7+ 48. Rxe7 Kxe7 0-1

[Event "Bulgaria tch 2005"]
[Site "Sunny Beach BUL"]
[Date "2005.09.27"]
[Round "2.2"]
[White "Mladenov, Ilian"]
[Black "Kurtenkov, Atanas"]
[Result "1/2-1/2"]
[WhiteElo "2207"]
[BlackElo "2419"]
[PlyCount "61"]
[EventDate "2005.09.26"]
[EventType "team"]
[EventRounds "7"]
[EventCountry "BUL"]
[Source "lmi"]
[SourceDate "2005.10.02"]

1. d4 d6 2. e4 Nd7 3. Nc3 e5 4. Nf3 Ngf6 5. Bc4 Be7 6. O-O O-O 7. Re1 c6 8. a4
a5 9. h3 Qc7 10. Bg5 Re8 11. Qd2 Nf8 12. d5 h6 13. Be3 Ng6 14. Rad1 Rf8 15. Bf1
Nd7 16. Qc1 Nb6 17. Nd2 f5 18. exf5 Bxf5 19. Nc4 Nxd5 20. Nxd5 cxd5 21. Rxd5
Be6 22. Nb6 Bxd5 23. Nxd5 Qc6 24. c4 Bd8 25. Bd3 Ne7 26. Be4 Qd7 27. Qd2 Nxd5
28. Bxd5+ Kh7 29. Be4+ Kg8 30. Bd5+ Kh7 31. Be4+ 1/2-1/2

[Event "Bulgaria tch 2005"]
[Site "Sunny Beach BUL"]
[Date "2005.09.27"]
[Round "2.3"]
[White "Karakehajov, Kalin"]
[Black "Georgiev, Krum"]
[Result "1/2-1/2"]
[WhiteElo "2385"]
[BlackElo "2468"]
[PlyCount "85"]
[EventDate "2005.09.26"]
[EventType "team"]
[EventRounds "7"]
[EventCountry "BUL"]
[Source "lmi"]
[SourceDate "2005.10.02"]

1. d4 Nf6 2. Nf3 g6 3. Nbd2 Bg7 4. e4 d6 5. c3 O-O 6. Be2 a6 7. O-O Nbd7 8. Re1
b5 9. a4 Rb8 10. axb5 axb5 11. Bf1 e6 12. b4 Re8 13. Nb3 Nf8 14. Na5 Bd7 15.
Qc2 Qc8 16. Bf4 e5 17. dxe5 Nh5 18. Be3 dxe5 19. Nb3 Ne6 20. Rad1 Bc6 21. Na5
Bd7 22. Qd2 Rd8 23. Ng5 Nhf4 24. Nxe6 Nxe6 25. Nb3 Bf8 26. Qb2 Bc6 27. f3 Be7
28. Qf2 Ra8 29. Nc5 Rxd1 30. Rxd1 Nxc5 31. Bxc5 Qf8 32. Bxe7 Qxe7 33. Bd3 h5
34. Qe2 Qg5 35. c4 bxc4 36. Bxc4 Qe7 37. b5 Qc5+ 38. Kh1 Be8 39. h3 Kg7 40. Bd5
Ra3 41. Qb2 Rc3 42. Rb1 Qe3 43. Qb4 1/2-1/2

[Event "Bulgaria tch 2005"]
[Site "Sunny Beach BUL"]
[Date "2005.09.27"]
[Round "2.3"]
[White "Velikov, Petar"]
[Black "Todorov, Mladen"]
[Result "1/2-1/2"]
[WhiteElo "2422"]
[BlackElo "2221"]
[PlyCount "65"]
[EventDate "2005.09.26"]
[EventType "team"]
[EventRounds "7"]
[EventCountry "BUL"]
[Source "lmi"]
[SourceDate "2005.10.02"]

1. c4 Nf6 2. g3 c6 3. Nf3 d5 4. Bg2 Bf5 5. cxd5 cxd5 6. Qb3 Qc8 7. Nc3 e6 8. d3
Nc6 9. O-O Be7 10. Bf4 O-O 11. Rac1 Qd7 12. Ne5 Nxe5 13. Bxe5 Rac8 14. e4 Bg6
15. exd5 Bxd3 16. dxe6 Qxe6 17. Qxe6 fxe6 18. Bxb7 Rcd8 19. Rfe1 Ng4 20. Bf4
Bc5 21. Nd1 Bb6 22. Bf3 e5 23. Bxg4 exf4 24. Be6+ Kh8 25. gxf4 Rxf4 26. Rc8
Rxc8 27. Bxc8 g5 28. Re7 Re4 29. Rxe4 Bxe4 30. Nc3 Bc6 31. Bf5 Kg7 32. Be4 Bd7
33. b3 1/2-1/2

[Event "Bulgaria tch 2005"]
[Site "Sunny Beach BUL"]
[Date "2005.09.27"]
[Round "2.3"]
[White "Todorov, Momchil"]
[Black "Lukov, Valentin"]
[Result "1-0"]
[WhiteElo "2207"]
[BlackElo "2439"]
[PlyCount "77"]
[EventDate "2005.09.26"]
[EventType "team"]
[EventRounds "7"]
[EventCountry "BUL"]
[Source "lmi"]
[SourceDate "2005.10.02"]

1. e4 c5 2. Nf3 Nc6 3. c3 e6 4. d4 d5 5. exd5 exd5 6. Bb5 Bd6 7. dxc5 Bxc5 8.
O-O Nge7 9. Nbd2 O-O 10. Nb3 Bd6 11. Bg5 Bg4 12. Re1 Qc7 13. h3 Bh5 14. Be2 a6
15. Nfd4 Bg6 16. Bd3 Ne5 17. Bxg6 hxg6 18. Bxe7 Bxe7 19. Nf3 Nc4 20. Rb1 Rfd8
21. Qe2 Bf6 22. Nbd2 b5 23. Nxc4 dxc4 24. Rbd1 Qa5 25. a3 Qa4 26. g4 Rxd1 27.
Rxd1 Kf8 28. g5 Be7 29. Ne5 Kg8 30. Qf3 Rf8 31. Rd7 Bxg5 32. Rxf7 Bf6 33. Qd5
Rxf7 34. Qxf7+ Kh8 35. Qxg6 Kg8 36. Qf7+ Kh8 37. Nd7 Qd1+ 38. Kg2 Bg5 39. Nf8
1-0

[Event "Bulgaria tch 2005"]
[Site "Sunny Beach BUL"]
[Date "2005.09.27"]
[Round "2.3"]
[White "Ivanov, Jordan"]
[Black "Tomov, Georgi"]
[Result "1/2-1/2"]
[WhiteElo "2347"]
[BlackElo "2239"]
[PlyCount "80"]
[EventDate "2005.09.26"]
[EventType "team"]
[EventRounds "7"]
[EventCountry "BUL"]
[Source "lmi"]
[SourceDate "2005.10.02"]

1. d4 Nf6 2. c4 e6 3. Nc3 d5 4. cxd5 Nxd5 5. e4 Nxc3 6. bxc3 c5 7. Nf3 cxd4 8.
cxd4 Nc6 9. Bc4 Bb4+ 10. Bd2 Bxd2+ 11. Qxd2 O-O 12. O-O Qd6 13. Rac1 b6 14. d5
Ne5 15. Nxe5 Qxe5 16. Qe3 exd5 17. Bxd5 Rb8 18. f4 Qe7 19. e5 Re8 20. Qb3 Bb7
21. Rfd1 Bxd5 22. Qxd5 Red8 23. Qc6 g6 24. Rd6 Rxd6 25. exd6 Qe3+ 26. Kh1 Qd2
27. Qc7 Re8 28. h3 Re4 29. d7 Rd4 30. Qb8+ Kg7 31. Qe5+ Kh6 32. Qg5+ Kg7 33.
Qe5+ Kh6 34. Rc4 Rxd7 35. f5 f6 36. Qxf6 Qd1+ 37. Kh2 Qd6+ 38. Qxd6 Rxd6 39.
fxg6 hxg6 40. a4 Rd3 1/2-1/2

[Event "Bulgaria tch 2005"]
[Site "Sunny Beach BUL"]
[Date "2005.09.27"]
[Round "2.3"]
[White "Iliev, Dimitar"]
[Black "Mollov, Ergin"]
[Result "0-1"]
[WhiteElo "2163"]
[BlackElo "2422"]
[PlyCount "84"]
[EventDate "2005.09.26"]
[EventType "team"]
[EventRounds "7"]
[EventCountry "BUL"]
[Source "lmi"]
[SourceDate "2005.10.02"]

1. e4 c6 2. d4 d5 3. e5 Bf5 4. Nc3 h5 5. Bd3 Bxd3 6. Qxd3 e6 7. Nge2 Nd7 8. O-O
Nh6 9. Bxh6 Rxh6 10. f4 g6 11. Kh1 Be7 12. Nd1 Qb6 13. Ne3 Qa6 14. Qxa6 bxa6
15. c4 Rb8 16. b3 Nb6 17. c5 Na8 18. Nc2 Nc7 19. Nc3 Kd7 20. Rab1 f5 21. Na3 g5
22. Ne2 Rg8 23. Rb2 Rhg6 24. Rc2 a5 25. Nb1 Na6 26. a3 Bf8 27. Nbc3 Bh6 28. Rb2
gxf4 29. Nxf4 Bxf4 30. Rxf4 Rg4 31. Rbf2 Rxf4 32. Rxf4 Rb8 33. Rh4 Rxb3 34. Ne2
Rxa3 35. Kg1 a4 36. Rxh5 Nc7 37. Rh7+ Kc8 38. Nf4 Rb3 39. Rh8+ Kb7 40. Rh7 a3
41. Nxe6 a2 42. Rxc7+ Kb8 0-1

[Event "Bulgaria tch 2005"]
[Site "Sunny Beach BUL"]
[Date "2005.09.27"]
[Round "2.3"]
[White "Todorov, Ognjan"]
[Black "Andreev, Stanislav"]
[Result "1-0"]
[WhiteElo "2335"]
[BlackElo "2139"]
[PlyCount "71"]
[EventDate "2005.09.26"]
[EventType "team"]
[EventRounds "7"]
[EventCountry "BUL"]
[Source "lmi"]
[SourceDate "2005.10.02"]

1. d4 Nf6 2. Nf3 e6 3. g3 b6 4. Bg2 Bb7 5. c4 Be7 6. O-O O-O 7. Re1 d5 8. cxd5
exd5 9. Nc3 Nbd7 10. Bf4 Nh5 11. Be3 Re8 12. Ne5 c6 13. f4 Bf8 14. Bf2 g6 15.
e4 Ndf6 16. Rc1 Qb8 17. Qb3 Rd8 18. Rc2 Qd6 19. a3 Ng7 20. exd5 cxd5 21. Nb5
Qb8 22. Nc7 Nf5 23. Nxa8 Bxa8 24. g4 Nd6 25. Bh4 Bg7 26. Bxf6 Bxf6 27. Bxd5
Bxd5 28. Qxd5 Bxe5 29. dxe5 Nf5 30. Qe4 Nd4 31. Rf2 Qc8 32. f5 gxf5 33. gxf5
Kh8 34. e6 f6 35. e7 Rg8+ 36. Kh1 1-0

[Event "Bulgaria tch 2005"]
[Site "Sunny Beach BUL"]
[Date "2005.09.28"]
[Round "3.1"]
[White "Savchenko, Stanislav"]
[Black "Delchev, Aleksander"]
[Result "1/2-1/2"]
[WhiteElo "2506"]
[BlackElo "2656"]
[PlyCount "25"]
[EventDate "2005.09.26"]
[EventType "team"]
[EventRounds "7"]
[EventCountry "BUL"]
[Source "lmi"]
[SourceDate "2005.10.02"]

1. d4 Nf6 2. c4 e6 3. Nc3 Bb4 4. Qc2 c5 5. dxc5 O-O 6. a3 Bxc5 7. Nf3 b6 8. Bf4
Bb7 9. Rd1 Nc6 10. e3 Rc8 11. Be2 Be7 12. O-O a6 13. h3 1/2-1/2

[Event "Bulgaria tch 2005"]
[Site "Sunny Beach BUL"]
[Date "2005.09.28"]
[Round "3.1"]
[White "Petkov, Vladimir"]
[Black "Chatalbashev, Boris"]
[Result "1/2-1/2"]
[WhiteElo "2475"]
[BlackElo "2499"]
[PlyCount "93"]
[EventDate "2005.09.26"]
[EventType "team"]
[EventRounds "7"]
[EventCountry "BUL"]
[Source "lmi"]
[SourceDate "2005.10.02"]

1. d4 d5 2. c4 e5 3. dxe5 d4 4. Nf3 Nc6 5. a3 Be6 6. e3 dxe3 7. Qxd8+ Rxd8 8.
Bxe3 Nge7 9. Nc3 Nf5 10. Be2 Nxe3 11. fxe3 Be7 12. Nb5 Rd7 13. Nbd4 Nd8 14.
O-O-O c5 15. Nxe6 fxe6 16. Bd3 Nc6 17. Kc2 Kd8 18. h4 Kc7 19. Be4 Rxd1 20. Rxd1
h6 21. Rh1 Rd8 22. Rh3 Bf8 23. Rg3 a6 24. Rg6 Re8 25. Rg4 Nb8 26. Bg6 Rd8 27.
Bf7 Nc6 28. Bxe6 Re8 29. Bf7 Nxe5 30. Re4 Re7 31. Nxe5 Kd6 32. Bd5 Rxe5 33.
Rxe5 Kxe5 34. Bxb7 a5 35. Bd5 Be7 36. Kb3 Bxh4 37. Ka4 Be1 38. Kb5 Kd6 39. e4
Bd2 40. e5+ Kxe5 41. Kxc5 Bc1 42. Kb6 Bxb2 43. a4 Kd6 44. Kxa5 Kc5 45. Ka6 Bc3
46. Kb7 Bd2 47. Kc7 1/2-1/2

[Event "Bulgaria tch 2005"]
[Site "Sunny Beach BUL"]
[Date "2005.09.28"]
[Round "3.1"]
[White "Bojkov, Dejan"]
[Black "Genov, Petar"]
[Result "1/2-1/2"]
[WhiteElo "2522"]
[BlackElo "2469"]
[PlyCount "79"]
[EventDate "2005.09.26"]
[EventType "team"]
[EventRounds "7"]
[EventCountry "BUL"]
[Source "lmi"]
[SourceDate "2005.10.02"]

1. e4 c5 2. Nf3 e6 3. d4 cxd4 4. Nxd4 a6 5. Be2 Nf6 6. Nc3 d6 7. O-O Qc7 8. f4
Be7 9. Kh1 Nc6 10. Nxc6 bxc6 11. Qd3 O-O 12. b3 a5 13. Qg3 d5 14. Bb2 Ba6 15.
Bxa6 Rxa6 16. Rae1 Raa8 17. Nd1 a4 18. Bxf6 Bxf6 19. e5 Be7 20. f5 f6 21. fxe6
fxe5 22. Ne3 Bb4 23. Rd1 axb3 24. axb3 Rae8 25. c4 d4 26. Rxd4 exd4 27. Qxc7
dxe3 28. Rf7 Bc3 29. Qg3 Rxe6 30. Rxf8+ Kxf8 31. Qf3+ Rf6 32. Qd1 Bd4 33. h3 c5
34. Qg4 Rf1+ 35. Kh2 Be5+ 36. g3 Rf2+ 37. Kg1 Bd4 38. Qc8+ Kf7 39. Qd7+ Kg6 40.
Qg4+ 1/2-1/2

[Event "Bulgaria tch 2005"]
[Site "Sunny Beach BUL"]
[Date "2005.09.28"]
[Round "3.1"]
[White "Petrov, Marijan"]
[Black "Janev, Evgeni"]
[Result "1/2-1/2"]
[WhiteElo "2406"]
[BlackElo "2460"]
[PlyCount "33"]
[EventDate "2005.09.26"]
[EventType "team"]
[EventRounds "7"]
[EventCountry "BUL"]
[Source "lmi"]
[SourceDate "2005.10.02"]

1. e4 g6 2. d4 d6 3. Nc3 Bg7 4. Nf3 Nf6 5. Be2 O-O 6. O-O c6 7. a4 Bg4 8. Be3
Nbd7 9. Nd2 Bxe2 10. Qxe2 e5 11. dxe5 dxe5 12. a5 Qe7 13. Na4 Rfb8 14. c3 b5
15. axb6 axb6 16. b4 Qe6 17. f3 1/2-1/2

[Event "Bulgaria tch 2005"]
[Site "Sunny Beach BUL"]
[Date "2005.09.28"]
[Round "3.1"]
[White "Iotov, Valentin"]
[Black "Drenchev, Petar"]
[Result "0-1"]
[WhiteElo "2447"]
[BlackElo "2412"]
[PlyCount "86"]
[EventDate "2005.09.26"]
[EventType "team"]
[EventRounds "7"]
[EventCountry "BUL"]
[Source "lmi"]
[SourceDate "2005.10.02"]

1. d4 d5 2. Nf3 Bg4 3. Bg5 h6 4. Bh4 c6 5. c3 Nd7 6. Nbd2 Ngf6 7. e3 e5 8. Qb3
exd4 9. cxd4 Qb6 10. Bd3 Qxb3 11. Nxb3 Bd6 12. Bg3 Bxg3 13. hxg3 a5 14. Rc1 a4
15. Nc5 Nxc5 16. Rxc5 Nd7 17. Rc2 Ke7 18. Nd2 Be6 19. Ke2 Kd6 20. Rhc1 Ra5 21.
b4 axb3 22. axb3 Rha8 23. b4 Ra1 24. Rxa1 Rxa1 25. b5 Rg1 26. bxc6 bxc6 27. f4
Rxg2+ 28. Kf3 Bh3 29. e4 g5 30. e5+ Kc7 31. fxg5 hxg5 32. Nb3 Rxc2 33. Bxc2 c5
34. Nxc5 Nxc5 35. dxc5 Kc6 36. Ba4+ Kxc5 37. g4 Bf1 38. Ke3 Bb5 39. Bc2 Bd7 40.
Bf5 Be6 41. Kd3 d4 42. Ke4 Kc4 43. Kf3 Kd5 0-1

[Event "Bulgaria tch 2005"]
[Site "Sunny Beach BUL"]
[Date "2005.09.28"]
[Round "3.1"]
[White "Marholev, Dimitar"]
[Black "Rusev, Krasimir"]
[Result "0-1"]
[WhiteElo "2423"]
[BlackElo "2426"]
[PlyCount "98"]
[EventDate "2005.09.26"]
[EventType "team"]
[EventRounds "7"]
[EventCountry "BUL"]
[Source "lmi"]
[SourceDate "2005.10.02"]

1. e4 c5 2. Nc3 d6 3. Nge2 Nc6 4. d4 cxd4 5. Nxd4 Nf6 6. Bc4 e6 7. Bb3 a6 8.
Be3 Na5 9. f4 b5 10. e5 dxe5 11. fxe5 Nxb3 12. Nxb3 Qxd1+ 13. Rxd1 Nd7 14. Bd4
Bb7 15. O-O Rc8 16. a3 Be7 17. Rd2 O-O 18. Re1 b4 19. axb4 Bxb4 20. Bf2 Rc7 21.
Red1 Nxe5 22. Bg3 Bxc3 23. bxc3 f6 24. Nd4 Bd5 25. Re1 Rxc3 26. Bxe5 fxe5 27.
Rxe5 Rf6 28. Re1 Ra3 29. Rde2 Kf7 30. Re3 Rxe3 31. Rxe3 Rf4 32. c3 a5 33. g3
Re4 34. Rxe4 Bxe4 35. Kf2 e5 36. Nb5 Bd3 37. Na3 Ke6 38. Ke3 Ba6 39. Ke4 Bb7+
40. Kd3 Kd5 41. c4+ Kc5 42. Nc2 Ba6 43. Ne3 Kb4 44. Ke4 Bxc4 45. Kxe5 Bb3 46.
Kd4 a4 47. Kd3 a3 48. Nc2+ Bxc2+ 49. Kxc2 Kc4 0-1

[Event "Bulgaria tch 2005"]
[Site "Sunny Beach BUL"]
[Date "2005.09.28"]
[Round "3.2"]
[White "Georgiev, Kiril"]
[Black "Dimitrov, Vladimir"]
[Result "0-1"]
[WhiteElo "2666"]
[BlackElo "2418"]
[PlyCount "108"]
[EventDate "2005.09.26"]
[EventType "team"]
[EventRounds "7"]
[EventCountry "BUL"]
[Source "lmi"]
[SourceDate "2005.10.02"]

1. d4 Nf6 2. c4 e6 3. Nf3 b6 4. g3 Ba6 5. b3 Bb7 6. Bg2 Bb4+ 7. Bd2 a5 8. O-O
O-O 9. Nc3 Ne4 10. Rc1 d6 11. d5 Nxd2 12. Qxd2 e5 13. Ne1 f5 14. Nd3 Bxc3 15.
Rxc3 Nd7 16. a3 Nc5 17. Nxc5 bxc5 18. Rb1 Bc8 19. b4 axb4 20. axb4 cxb4 21.
Rcc1 f4 22. Rxb4 Qf6 23. e4 Qh6 24. gxf4 Bh3 25. Bxh3 Qxh3 26. Qe3 Qg4+ 27. Qg3
Rxf4 28. Qxg4 Rxg4+ 29. Kf1 Rxe4 30. Rb7 Ra2 31. Rxc7 Rf4 32. Kg1 Rfxf2 33.
Rc8+ Kf7 34. Rf1 Rxf1+ 35. Kxf1 Rxh2 36. Rc7+ Kf8 37. Rc8+ Ke7 38. Rc7+ Kd8 39.
Rxg7 Rh4 40. Rg8+ Kc7 41. Rg7+ Kb6 42. Rd7 Kc5 43. Rc7+ Kd4 44. Rd7 Rh6 45. Rc7
e4 46. Re7 Kxc4 47. Rxe4+ Kxd5 48. Ra4 Ke5 49. Kf2 d5 50. Ra7 Ke4 51. Re7+ Kd3
52. Re3+ Kc4 53. Re7 d4 54. Ra7 Kd3 0-1